000 00971nam a22002657a 4500
001 70800
003 UA-OsUOA
005 20220728095254.0
007 ta
008 20100916b un ||||| |||| 00| 0 ukr d
020 _a9789661712415
040 _aUA-OsUOA
_bukr
_cUA-OsUOA
_dUA-OsUOA
041 _aukr
080 _a82-94
090 _a82-94
_bГ18
100 _aГаман В.
245 _aВід обкомівських коридорів до коридорів Кабміну: перейти від тоталітаризму до демократизму – не поле перейти
_bу 3 т.
260 _aК.
_bЛогос
_c2010
300 _a668 с.
505 _gТ. 1
_tОбкомівські коридори; Парламентські коридори
650 7 _a82 Література. Літературознавство
_2UDC
942 _cBK
_2udc
955 _a2
999 _c357075
_d357075